00461nam a2200145 i 450000100060000000300090000600700030001500800410001810000230005924501030008226000640018530000270024970000180027685200210029481673ES-MaACLt|041105s1918 fr ||||1| fre d1 aHulewicz, Anne de.14aLa femme polonaise b: esquisse historique / cHalka Ducraine (seud.) ; préface par Henry Bidou. aParis : bPerrin et Cie, c1918 (eEvreux : fCh. Herissey) aVII, 277 p. ; c19 cm.1 aBidou, Henry. aES-MaACLjG-3473